Statistics for Country to Capital - April Fools' Edition

Click here to take the quiz!

General Stats

  • This quiz has been taken 34 times
  • The average score is 13 of 15

Answer Stats

CountryCapital% Correct
BrazilRio de Janeiro
100%
TurkeyIstanbul
97%
United StatesNew York City
97%
AustraliaSydney
97%
CanadaToronto
97%
United Arab EmiratesDubai
94%
South AfricaJohannesburg
91%
IsraelTel Aviv
91%
New ZealandAuckland
88%
NigeriaLagos
88%
MoroccoCasablanca
81%
Sri LankaColombo
78%
SwitzerlandGeneva
75%
MyanmarYangon
66%
TanzaniaDar es Salaam
63%

Score Distribution

Percentile by Number Answered

Percent of People with Each Score

Your Score History

You have not taken this quiz